000 00555nam a22001697a 4500
005 20090918151516.0
008 090304t xxu||||| |||| 00| 0 eng d
037 _bDPL /Pub
245 _aMagna newsletter
246 _aवन्यजाति
260 _aMumbai
_bMagna Publishing House
_c2009-
300 _av.
_c26 cm
310 _amonthly
270 _bMumbai
_e400025
_a100/E, Old Prabhadevi Road, Prabhadevi
_mmagnapub@vsnl.com
942 _2ddc
_cSR
_s1
999 _c30487
_d30487